000 00392cam a2200157ua 4500
001 5145
005 20260515113835.0
008 120302n ii |||gr||||Z||||||eng
040 _cMAIN
100 1 _aRabinson, Ray,
_eAuthor,
245 1 1 _aWildest tests
_cby Ray Robinson
250 _a3rd.
260 _aDelhi:
_bVikas publishing house pvt. ltd.,
_c1975.
300 _a186p:
_c15cm.
942 _cBK
999 _c4323
_d4323